000 00275nam a2200109Ia 4500
001 587516
005 20250717113817.0
008 250717s9999 xx 000 0 und d
245 0 _aX-10 SÜRDÜRÜLEBİLİRLİK
_cALPER K. ATEŞ
260 _bBETA YAYINLARI
_c2020
300 _b56
999 _c587516
_d587516